|
|
|
|
| LEADER |
00000naa2a2200000 4500 |
| 001 |
383048 |
| 005 |
20231101063048.0 |
| 035 |
|
|
|a (RuTPU)RU\TPU\prd\7950
|
| 090 |
|
|
|a 383048
|
| 100 |
|
|
|a 20021030a2002 k y0rusy50 ca
|
| 101 |
0 |
|
|a rus
|
| 102 |
|
|
|a RU
|
| 200 |
1 |
|
|a Релаксационные генераторы с триггером Шмидта
|f Г. Петин
|
| 225 |
1 |
|
|a Основы схемотехники
|
| 320 |
|
|
|a Библиогр.: 6 назв.
|
| 461 |
|
1 |
|0 (RuTPU)RU\TPU\prd\2494
|t Схемотехника
|o научно-технический журнал
|d 2002-2007
|
| 463 |
|
1 |
|0 (RuTPU)RU\TPU\prd\2501
|t № 2
|v С. 29-30
|d 2002
|
| 610 |
1 |
|
|a генераторы
|
| 610 |
1 |
|
|a тригеры Шмидта
|
| 610 |
1 |
|
|a электронные схемы
|
| 610 |
1 |
|
|a усилители
|
| 610 |
1 |
|
|a схемы
|
| 700 |
|
1 |
|a Петин
|b Г.
|g Георгий
|
| 801 |
|
1 |
|a RU
|b 63413507
|c 20021030
|g PSBO
|
| 801 |
|
2 |
|a RU
|b 63413507
|c 20131217
|g PSBO
|
| 942 |
|
|
|c BK
|